Ngữ pháp tiếng Việt /

Câu đơn,cụm từ,từ loại cấu tạo từ,từ loại,từ ghép...

Na minha lista:
Detalhes bibliográficos
Autor principal: Diệp Quang Ban.
Formato: Livro
Idioma:Vietnamese
Publicado em: Hà Nội : Giáo dục, 2005.
Assuntos:
Tags: Adicionar Tag
Sem tags, seja o primeiro a adicionar uma tag!
Thư viện lưu trữ: Mạng thư viện Đại học Đà Nẵng
LEADER 01091cam a22003251a 4500
001 000033124
003 9259
005 20240829090119.0
008 151016s2005 vm 000 vie
020 |c 86500 
040 |a lnn 
041 0 |a vie 
082 1 4 |a 495.9225  |b DI-B 
100 1 |a Diệp Quang Ban. 
245 1 0 |a Ngữ pháp tiếng Việt /  |c Diệp Quang Ban. 
260 |a Hà Nội :  |b Giáo dục,  |c 2005. 
300 |a 671 tr. ;  |c 24cm. 
520 |a Câu đơn,cụm từ,từ loại cấu tạo từ,từ loại,từ ghép... 
650 0 4 |a Ngữ pháp Việt ngữ. 
653 0 4 |a Việt ngữ  |x Ngữ pháp. 
OWN |a LNN 
AVA |a UDN50  |b LNN  |d 495.92415 DI-B  |e available  |t Error 5001 Not defined in file expand_doc_bib_avail.  |f 2  |g 0  |h N  |i 2  |k 1 
999 |a From the UDN01 
AVA |a UDN50  |b LNN  |d 495.92415 DI-B  |e available  |t Error 5001 Not defined in file expand_doc_bib_avail.  |f 2  |g 0  |h N  |i 2  |k 1 
TYP |a Monograph 
TYP |a Printed language 
980 |a Mạng thư viện Đại học Đà Nẵng